Zapojenie Wnt signalizácie v patologických procesoch spojených s oxidačným stresom
Saved in:
| Main Author: | |
|---|---|
| Other Authors: | |
| Format: | Manuscript Book |
| Language: | Slovak |
| Published: |
2025
|
| Subjects: | |
| Online Access: | http://is.stuba.sk/zp/portal_zp.pl?podrobnosti=183480 |
| Tags: |
No Tags, Be the first to tag this record!
|
MARC
| LEADER | 00000ntm a22000003a 4500 | ||
|---|---|---|---|
| 001 | stuzp105098 | ||
| 003 | SK-STU | ||
| 005 | 20250607211119.9 | ||
| 007 | ta | ||
| 008 | 150427s2015----xo-----f-mn---000-0-slo-d | ||
| 040 | |a STU |b slo | ||
| 041 | 0 | |a slo | |
| 100 | 1 | |a Fidermáková, Mária |u 043000 |4 aut |U FCHPT Fakulta chemickej a potravinárskej technológie |T FCHPT Ústav biochémie a mikrobiológie |X 127629 |U C3000 |Y 101 |7 127629 | |
| 242 | 0 | 1 | |a The involvement of Wnt signaling in pathological processes associated with oxidative stress |y eng |
| 245 | 1 | 0 | |a Zapojenie Wnt signalizácie v patologických procesoch spojených s oxidačným stresom |
| 260 | |c 2025 | ||
| 650 | 4 | |a Wnt signaling |2 eng | |
| 650 | 4 | |a oxidative stress |2 eng | |
| 650 | 4 | |a radiation |2 eng | |
| 650 | 4 | |a antioxidants |2 eng | |
| 650 | 4 | |a cardiovascular diseases |2 eng | |
| 650 | 4 | |a radiácia |2 slo | |
| 650 | 4 | |a antioxidanty |2 slo | |
| 650 | 4 | |a kardiovaskulárne ochorenia |2 slo | |
| 650 | 4 | |a oxidačný stres |2 slo | |
| 650 | 4 | |a Wnt signalizácia |2 slo | |
| 700 | 1 | |a Svetláková, Barbora |4 ths |X 136522 |7 136522 | |
| 856 | 4 | |u http://is.stuba.sk/zp/portal_zp.pl?podrobnosti=183480 | |